Govt. of
Madhya Pradesh

समाजशास्‍त्र (Record no. 47375)

MARC details
000 -LEADER
fixed length control field 004600000a22001690004500
003 - CONTROL NUMBER IDENTIFIER
control field MACL
005 - DATE AND TIME OF LATEST TRANSACTION
control field 20160123122322.0
008 - FIXED-LENGTH DATA ELEMENTS--GENERAL INFORMATION
fixed length control field 160123b xxu||||| |||| 00| 0 eng d
040 ## - CATALOGING SOURCE
Original cataloging agency MACL
Transcribing agency MACL
041 ## - LANGUAGE CODE
Language code of text/sound track or separate title Hindi
082 ## - DEWEY DECIMAL CLASSIFICATION NUMBER
Classification number 300
100 ## - MAIN ENTRY--PERSONAL NAME
Personal name पाण्‍डेय एस.एस
9 (RLIN) 34238
245 ## - TITLE STATEMENT
Title समाजशास्‍त्र
260 ## - PUBLICATION, DISTRIBUTION, ETC. (IMPRINT)
Place of publication, distribution, etc. नई दिल्‍ली
Name of publisher, distributor, etc. Tata Mcgraw Hill's
Date of publication, distribution, etc. 2012
350 ## - PRICE (NR) (BK AM CF MU VM SE) [OBSOLETE]
Price 395
942 ## - ADDED ENTRY ELEMENTS (KOHA)
Koha item type Hindi Books
Call number prefix 300
Source of classification or shelving scheme
Holdings
Withdrawn status Lost status Source of classification or shelving scheme Damaged status Not for loan Home library Current library Shelving location Date acquired Total Checkouts Full call number Barcode Date last seen Uniform Resource Identifier Price effective from Koha item type
          MACL MACL Reference 15/04/2015   300 DPI000012 29/04/2015 48281 15/04/2015 Books